000 00552nam a2200181Ia 4500
008 240729s9999 xx 000 0 und d
022 _a2251-9580
245 0 _aResearch in Cardiovascular Medicine
260 _aIndia
260 _bWolters Kluwer Medknow Publications
650 _a Diseases of the circulatory (Cardiovascular) system
650 _a Internal medicine
650 _a Specialties of internal medicine
650 _aMedicine
856 _uhttps://doaj.org/toc/228e0d7fb21144eba4c4c4d8b2b012b2
942 _2ddc
942 _cDOAJEJ
999 _c70210
_d70210
945 _a1
_bMadushi Gamage
_c1
_dMadushi Gamage